[Event "4NCL Division Two"]
[Site "Milton Keynes, ENG"]
[Date "2023.04.30"]
[Round "10.41"]
[White "Jackson, James P"]
[Black "Claridge-Hansen, William"]
[Result "1-0"]
[WhiteElo "2393"]
[BlackElo "2345"]
[PlyCount "63"]
[EventDate "2023.04.30"]
[WhiteTeam "The Rookies"]
[BlackTeam "Oxford 1"]

1. e4 c5 2. d4 cxd4 3. c3 d3 4. Bxd3 g6 5. c4 Bg7 6. Nf3 Nc6 7. O-O d6 8. h3 Nf6 9. Nc3 Nd7 10. Bd2 O-O 11. Rc1 Nc5 12. Bb1 b6 13. Be3 Bb7 14. Qe2 Rc8 15. Rfd1 Ne5 16. Nxe5 Bxe5 17. Bh6 Re8 18. Qe3 Bh8 19. b3 Qc7 20. f4 Nd7 21. Nb5 Qc5 22. Qxc5 Rxc5 23. e5 a6 24. Nc3 b5 25. Be4 Bc8 26. cxb5 dxe5 27. Nd5 f5 28. Nxe7+ Kf7 29. Nxc8 Rexc8 30. Rxd7+ Ke6 31. Rcd1 exf4 32. Bb7 1-0

[Event "4NCL Division Two"]
[Site "Milton Keynes, ENG"]
[Date "2023.04.30"]
[Round "10.42"]
[White "Powierski, Emil"]
[Black "Byron, Alan M"]
[Result "1-0"]
[WhiteElo "2282"]
[BlackElo "2181"]
[PlyCount "85"]
[EventDate "2023.04.30"]
[WhiteTeam "Oxford 1"]
[BlackTeam "The Rookies"]

{[%evp 0,45,17,17,73,55,37,31,23,0,62,41,34,26,57,40,14,11,52,94,82,42,71,71,82,61,140,95,95,-59,-59,-59,2,-192,-196,-201,-287,-287,-217,-228,-212,-281,-276,-337,-340,-338,-310,-348]} 1. e4 c6 2. Nf3 d5 3. d3 Bg4 4. h3 Bxf3 5. Qxf3 e6 6. g3 Be7 7. Bg2 Nd7 8. O-O h5 9. Qe2 Qb6 10. Nd2 O-O-O 11. a4 a6 12. c3 f5 13. exf5 exf5 14. c4 d4 15. a5 Qc5 16. Nf3 Bf6 17. Bf4 Qe7 18. Qd2 Nh6 19. b4 Nf7 20. Rfe1 Qf8 21. b5 Qc5 22. bxa6 bxa6 23. Qb2 Rde8 24. Rab1 Qa7 25. h4 Rxe1+ 26. Nxe1 Nd8 27. Qa3 Re8 {(=)} 28. Nc2 Re6 29. Nb4 Be7 30. Qc1 g6 31. Nd5 Bc5 32. Nb4 Be7 33. Nc2 Ne5 34. Qd2 Qc5 35. Rb6 Nd7 36. Rb1 Bd6 37. Bxd6 Rxd6 38. Nb4 Qxa5 39. Qb2 Kc7 40. Ra1 Qb6 41. Rxa6 Qb8 42. Qa3 Nc5 43. Qa5+ 1-0

[Event "4NCL Division Two"]
[Site "Milton Keynes, ENG"]
[Date "2023.04.30"]
[Round "10.44"]
[White "Zakarian, David"]
[Black "Jones, Christopher M"]
[Result "1/2-1/2"]
[WhiteElo "2306"]
[BlackElo "2117"]
[PlyCount "41"]
[EventDate "2023.04.30"]
[WhiteTeam "Oxford 1"]
[BlackTeam "The Rookies"]

1. d4 d5 2. c4 e5 3. dxe5 d4 4. a3 Nc6 5. Nf3 Nge7 6. e3 Nf5 7. exd4 Nfxd4 8. Be3 Bg4 9. Bxd4 Bxf3 10. Qxf3 Qxd4 11. Nc3 O-O-O 12. Qf5+ Rd7 13. Rd1 Qxe5+ 14. Qxe5 Rxd1+ 15. Kxd1 Nxe5 16. Be2 Bc5 17. Rf1 Rd8+ 18. Kc2 Nc6 19. Bg4+ Kb8 20. b4 Bf8 21. Rd1 1/2-1/2

[Event "4NCL Division Two"]
[Site "Milton Keynes, ENG"]
[Date "2023.04.30"]
[Round "10.45"]
[White "Burrows, Martin P"]
[Black "Anand, Batsukh"]
[Result "1/2-1/2"]
[WhiteElo "2121"]
[BlackElo "2200"]
[PlyCount "249"]
[EventDate "2023.04.30"]
[WhiteTeam "The Rookies"]
[BlackTeam "Oxford 1"]

1. e4 c6 2. d4 d5 3. e5 Bf5 4. Nf3 e6 5. Be2 Nd7 6. O-O h6 7. Nbd2 Ne7 8. Nb3 g5 9. Ne1 Qc7 10. Nd3 Ng6 11. Re1 Be7 12. a4 Bxd3 13. Bxd3 c5 14. Bxg6 fxg6 15. Qd3 Kf7 16. dxc5 Bxc5 17. Nxc5 Qxc5 18. Be3 Qc6 19. Bd4 Rhc8 20. c3 Qc4 21. Qh3 h5 22. Qe3 g4 23. f3 gxf3 24. Rf1 Kg7 25. Rxf3 Rf8 26. Rf6 Nxf6 27. exf6+ Kh7 28. Qxe6 Qc7 29. Qxd5 Qf7 30. Qf3 Rfe8 31. a5 a6 32. Ra4 Rad8 33. Rb4 Rd7 34. h3 Re1+ 35. Kh2 Ra1 36. Bb6 Qe6 37. Re4 Qd6+ 38. Qf4 Qxf4+ 39. Rxf4 Rf7 40. h4 g5 41. hxg5 Kg6 42. Bd8 Kxg5 43. Rd4 Ra2 44. b4 Rc2 45. Rd3 h4 46. Be7 Kf5 47. Rd5+ Kg6 48. Rd4 Rh7 49. Rd3 Rh5 50. Kh3 Kf7 51. Kg4 Rh7 52. Kh3 Rh5 53. Kg4 Rh8 54. Kh3 Rg8 55. g4 hxg3 56. Rxg3 Rxg3+ 57. Kxg3 Rxc3+ 58. Kf4 Ke6 59. Ke4 Rh3 60. Kf4 Rh5 61. Ke4 Rh4+ 62. Ke3 Rh1 63. Ke4 Rf1 64. Kd4 Rc1 65. Kd3 Rd1+ 66. Ke4 Rf1 67. Kd4 Rf4+ 68. Ke3 Rh4 69. Kf3 Ke5 70. Kg3 Rh7 71. Kf3 Rh5 72. Ke3 Rf5 73. Kd3 Kd5 74. Ke3 Rf1 75. Ke2 Rf4 76. Ke3 Rf5 77. Ke2 Ke4 78. Kd2 Rf2+ 79. Kc3 Kd5 80. Kd3 Rf3+ 81. Ke2 Ke4 82. Kd2 Kd4 83. Bc5+ Kd5 84. Be7 Ke4 85. Ke2 Rf5 86. Kd2 Rf4 87. Ke2 Rf3 88. Kd2 Rf1 89. Ke2 Rf4 90. Kd2 Kd4 91. Bc5+ Kd5 92. Be7 Rf5 93. Ke3 Ke6 94. Ke4 Re5+ 95. Kd4 Rb5 96. Ke4 b6 97. axb6 Rxb6 98. Kd4 Rc6 99. Kd3 Rb6 100. Kc4 Kd7 101. Kd5 Ke8 102. Kc5 Re6 103. Kd5 Rb6 104. Kc5 Rb5+ 105. Kc6 Kf7 106. Kc7 Ke6 107. Kc6 Kf7 108. Kc7 Re5 109. Kd6 Re6+ 110. Kd5 Re1 111. Kd6 Rc1 112. Kd5 Ke8 113. Ke6 Re1+ 114. Kd5 Kd7 115. Bc5 Rf1 116. Be7 Rf5+ 117. Ke4 Ke6 118. Kd4 Rf1 119. Kc5 Rc1+ 120. Kb6 Ra1 121. Bd8 Rb1 122. Kxa6 Rxb4 123. Be7 Rf4 124. Kb5 Rxf6 125. Bxf6 1/2-1/2

[Event "4NCL Division Two"]
[Site "Milton Keynes, ENG"]
[Date "2023.04.30"]
[Round "10.46"]
[White "Zakarian, Dimitrios Levon"]
[Black "Compton, Alistair"]
[Result "1/2-1/2"]
[WhiteElo "2097"]
[BlackElo "2118"]
[PlyCount "42"]
[EventDate "2023.04.30"]
[WhiteTeam "Oxford 1"]
[BlackTeam "The Rookies"]

1. d4 Nf6 2. c4 c5 3. d5 e6 4. Nc3 exd5 5. cxd5 d6 6. Nf3 g6 7. Bf4 Nh5 8. Bg3 Nxg3 9. hxg3 Bg7 10. e3 O-O 11. Qa4 Nd7 12. Be2 Re8 13. Qf4 Bxc3+ 14. bxc3 Qf6 15. Qxf6 Nxf6 16. c4 Bf5 17. Nh4 Bd7 18. a4 b6 19. O-O Ne4 20. Ra3 Kg7 21. Nf3 Bf5 1/2-1/2

[Event "4NCL Division Two"]
[Site "Milton Keynes, ENG"]
[Date "2023.04.30"]
[Round "10.47"]
[White "Agnew, Alan"]
[Black "Manley, Jon P"]
[Result "1/2-1/2"]
[WhiteElo "2148"]
[BlackElo "2165"]
[PlyCount "49"]
[EventDate "2023.04.30"]
[WhiteTeam "The Rookies"]
[BlackTeam "Oxford 1"]

1. d4 d5 2. c4 dxc4 3. Nf3 Nf6 4. e3 e6 5. Bxc4 a6 6. a4 c5 7. O-O Nc6 8. Qe2 Qc7 9. Rd1 Be7 10. Nc3 O-O 11. h3 h6 12. e4 cxd4 13. Nxd4 Nxd4 14. Rxd4 Bc5 15. Rd1 e5 16. Nd5 Nxd5 17. Bxd5 a5 18. Be3 Bxe3 19. Qxe3 Qe7 20. Qb3 Ra6 21. Rac1 Rg6 22. Rc3 b6 23. Rf3 Be6 24. Bxe6 Rxe6 25. Rfd3 1/2-1/2

[Event "4NCL Division Two"]
[Site "Milton Keynes, ENG"]
[Date "2023.04.30"]
[Round "10.48"]
[White "Arora, Tashika"]
[Black "Pyun, Lindsay"]
[Result "1/2-1/2"]
[WhiteElo "2028"]
[BlackElo "1827"]
[PlyCount "91"]
[EventDate "2023.04.30"]
[WhiteTeam "Oxford 1"]
[BlackTeam "The Rookies"]

1. d4 d5 2. Nf3 Nf6 3. c4 e6 4. g3 Bb4+ 5. Bd2 Be7 6. Bg2 c6 7. Qc2 O-O 8. O-O b6 9. Bf4 Nh5 10. Bc1 Bb7 11. Nbd2 Nf6 12. e4 dxe4 13. Nxe4 Nbd7 14. Rd1 Nxe4 15. Qxe4 Nf6 16. Qc2 Rc8 17. Qa4 a6 18. Qc2 Qc7 19. c5 Nd5 20. a3 a5 21. Nd2 Ba6 22. b4 axb4 23. Bxd5 exd5 24. axb4 Ra8 25. Nb3 Bc4 26. Bf4 Qb7 27. Nd2 Bb5 28. Nf3 Bf6 29. Rxa8 Rxa8 30. Re1 bxc5 31. bxc5 Qd7 32. Bd6 h6 33. Qc3 Re8 34. Re3 Rxe3 35. Qxe3 Qe6 36. Kg2 Qxe3 37. fxe3 g5 38. Kf2 Kg7 39. Nd2 Kg6 40. Kf3 h5 41. h3 Ba4 42. g4 hxg4+ 43. hxg4 Bd1+ 44. Kg3 Bd8 45. Nf3 Bxf3 46. Kxf3 1/2-1/2

[Event "4NCL Division Two"]
[Site "Milton Keynes, ENG"]
[Date "2023.04.30"]
[Round "10.61"]
[White "Crocker, Philip J"]
[Black "Taylor, Adam A"]
[Result "1/2-1/2"]
[WhiteElo "2196"]
[BlackElo "2259"]
[PlyCount "164"]
[EventDate "2023.04.30"]
[WhiteTeam "Spirit of Atticus"]
[BlackTeam "North East England"]

1. d4 Nf6 2. c4 e6 3. g3 Bb4+ 4. Bd2 Qe7 5. Nf3 O-O 6. Nc3 d6 7. Bg2 Bxc3 8. Bxc3 Ne4 9. Qc2 Nxc3 10. Qxc3 Re8 11. O-O e5 12. e3 c6 13. b4 Nd7 14. a4 Nf6 15. b5 Bf5 16. Nd2 c5 17. dxc5 dxc5 18. e4 Bg6 19. f3 Red8 20. Rfd1 Ne8 21. Nf1 Rd4 22. Ne3 Nc7 23. Bh3 Qd6 24. Nd5 Ne6 25. Rf1 Rf8 26. Rae1 h6 27. Qa5 Rxc4 28. Qxa7 Nd4 29. Qxb7 Rxa4 30. b6 Ra2 31. Qc7 Qd8 32. b7 Rb2 33. Bc8 Kh7 34. b8=Q Rxb8 35. Qxb8 Qxc8 36. Qxe5 Qa6 37. Qc7 Qd3 38. Qxc5 Rb8 39. Qc3 Ne2+ 40. Rxe2 Qxe2 41. Nf4 Qa2 42. Rf2 Qa6 43. Nxg6 Qxg6 44. Kg2 Qe6 45. Qd3 Rb3 46. Qd4 Ra3 47. f4 Ra2 48. Qd5 Rxf2+ 49. Kxf2 Qb6+ 50. Kf3 Kg8 51. h4 Qa6 52. Qd8+ Kh7 53. Qd1 Qb5 54. Qe2 Qh5+ 55. Kf2 Qc5+ 56. Kg2 h5 57. f5 g6 58. e5 Kg7 59. f6+ Kg8 60. Qe4 Qa5 61. Kf3 Qc3+ 62. Qe3 Qc4 63. Kg2 Qc2+ 64. Kh3 Qf5+ 65. Kg2 Qc2+ 66. Kh1 Qb1+ 67. Kh2 Qc2+ 68. Kg1 Qb1+ 69. Kf2 Qc2+ 70. Qe2 Qc5+ 71. Kg2 Qd5+ 72. Kh2 Kh7 73. Qb2 Qc4 74. Qg2 Qb3 75. Qe2 Qd5 76. Qb2 Qc4 77. Qf2 Qb3 78. Qd2 Qc4 79. Qf4 Qe2+ 80. Kh3 Qe1 81. Kg2 Qe2+ 82. Kg1 Qe1+ 1/2-1/2

[Event "4NCL Division Two"]
[Site "Milton Keynes, ENG"]
[Date "2023.04.30"]
[Round "10.62"]
[White "Dargan, Paul A G"]
[Black "Jackson, Sheila"]
[Result "1/2-1/2"]
[WhiteElo "2164"]
[BlackElo "2132"]
[PlyCount "81"]
[EventDate "2023.04.30"]
[WhiteTeam "North East England"]
[BlackTeam "Spirit of Atticus"]

{[%evp 0,81,37,37,46,-21,58,61,67,44,67,40,37,-11,3,-5,5,-10,-10,-50,-16,8,8,0,
-2,-30,16,17,-11,-8,51,33,74,81,78,79,88,83,63,70,59,53,66,56,48,33,70,79,94,
82,92,76,75,64,64,85,75,33,66,29,63,70,60,33,30,26,21,18,22,16,16,11,15,14,11,
14,14,14,30,27,39,25,24,26]} 1. e4 c5 2. c3 g6 3. d4 cxd4 4. cxd4 d5 5. Nc3
dxe4 6. Bc4 Nc6 7. Nge2 Nf6 8. Qb3 e6 9. d5 exd5 10. Nxd5 Nxd5 11. Bxd5 Qe7 12.
Bf4 Qb4+ 13. Nc3 Qxb3 14. axb3 Bb4 15. O-O Bxc3 16. bxc3 O-O 17. Bxe4 Re8 18.
Bf3 Be6 19. Rfb1 a6 {(=)} 20. h4 h5 21. g3 Rac8 22. Kg2 f6 23. c4 Red8 24. Rd1
Rxd1 25. Rxd1 Kf7 26. Be4 Rd8 27. Ra1 Rc8 {(=)} 28. Re1 Re8 29. Rd1 Rd8 30.
Rxd8 Nxd8 31. Kf3 Nc6 32. Bxc6 bxc6 33. Ke3 Bf5 34. Kd4 Ke6 35. Bd2 Bc2 {(=)}
36. b4 Bd1 37. Kc5 Be2 38. Bc3 f5 39. Kd4 Bf1 40. Kc5 Be2 41. Kd4 1/2-1/2

[Event "4NCL Division Two"]
[Site "Milton Keynes, ENG"]
[Date "2023.04.30"]
[Round "10.63"]
[White "Carleton, John J"]
[Black "Coathup, Roger H"]
[Result "1-0"]
[WhiteElo "2107"]
[BlackElo "2137"]
[PlyCount "91"]
[EventDate "2023.04.30"]
[WhiteTeam "Spirit of Atticus"]
[BlackTeam "North East England"]

1. e4 c5 2. Nc3 a6 3. g3 b5 4. Bg2 Bb7 5. Nge2 e6 6. O-O Qc7 7. d4 cxd4 8. Nxd4 Nf6 9. Re1 d6 10. Nd5 Nxd5 11. exd5 e5 12. f4 Nd7 13. Nc6 f6 14. Qg4 Nb6 15. fxe5 fxe5 16. Qe6+ Be7 17. Bg5 Bxc6 18. dxc6 Ra7 19. Rf1 Kd8 20. Rf7 Bxg5 21. Rxc7 Kxc7 22. Rf1 Bf6 23. Rxf6 gxf6 24. Qxf6 Rc8 25. Qe7+ Kb8 26. Qxd6+ Rac7 27. Qxe5 Nc4 28. Qc5 Re8 29. h4 Re5 30. Qf8+ Ka7 31. Qd8 Ree7 32. b3 Nb6 33. Qd4 Re2 34. a4 bxa4 35. bxa4 a5 36. Qc5 Re1+ 37. Kh2 Rb1 38. Bd5 Kb8 39. Bb3 Na8 40. Qb5+ Ka7 41. Qxa5+ Kb8 42. Qb5+ Ka7 43. a5 Re1 44. Qc5+ Kb8 45. Qf8+ Rc8 46. Qb4+ 1-0

[Event "4NCL Division Two"]
[Site "Milton Keynes, ENG"]
[Date "2023.04.30"]
[Round "10.64"]
[White "Dunn, Andrew"]
[Black "Ackley, Peter J E"]
[Result "1/2-1/2"]
[WhiteElo "2141"]
[BlackElo "2079"]
[PlyCount "32"]
[EventDate "2023.04.30"]
[WhiteTeam "North East England"]
[BlackTeam "Spirit of Atticus"]

1. d4 d6 2. e4 g6 3. Nc3 c6 4. Be3 Nf6 5. h3 Nbd7 6. Nf3 Qc7 7. a4 b6 8. Qd2 Bg7 9. Be2 O-O 10. Bh6 e5 11. dxe5 dxe5 12. Bxg7 Kxg7 13. Rd1 Bb7 14. Bc4 Nc5 15. Qe3 a5 16. O-O Ba6 1/2-1/2

[Event "4NCL Division Two"]
[Site "Milton Keynes, ENG"]
[Date "2023.04.30"]
[Round "10.65"]
[White "Phillips, David A"]
[Black "Henderson, David"]
[Result "1-0"]
[WhiteElo "2096"]
[BlackElo "2143"]
[PlyCount "61"]
[EventDate "2023.04.30"]
[WhiteTeam "Spirit of Atticus"]
[BlackTeam "North East England"]

{[%evp 0,13,25,23,72,77,108,94,107,93,93,49,80,65,97,95]} 1. Nf3 d5 2. g3 c5 3.
c4 d4 4. b4 Qc7 5. bxc5 e5 6. d3 Bxc5 7. Bg2 Nf6 8. O-O O-O 9. Ba3 Re8 10. Bxc5
Qxc5 11. Nbd2 Nc6 12. Ng5 Qe7 13. Qb3 Bg4 14. Rab1 Nd8 15. Rfe1 Rc8 16. Nge4
Rc6 17. Qb4 Qc7 18. Nxf6+ Rxf6 19. c5 Re7 20. Nc4 Ne6 21. c6 b6 22. Nxe5 a5 23.
Qa3 Bf5 24. Nd7 Rxd7 25. cxd7 Nc5 26. e4 Bxd7 27. Rec1 h6 28. f4 Re6 29. Rc4
Qa7 30. Kh1 b5 31. Qxc5 1-0

[Event "4NCL Division Two"]
[Site "Milton Keynes, ENG"]
[Date "2023.04.30"]
[Round "10.66"]
[White "Stubbs, Oliver"]
[Black "Doran, Chris"]
[Result "1-0"]
[WhiteElo "2195"]
[BlackElo "2016"]
[PlyCount "123"]
[EventDate "2023.04.30"]
[WhiteTeam "North East England"]
[BlackTeam "Spirit of Atticus"]

1. d4 Nf6 2. Nf3 g6 3. Bf4 Bg7 4. e3 d6 5. h3 c5 6. Nbd2 O-O 7. Be2 b6 8. O-O Bb7 9. c3 Nbd7 10. a4 a6 11. Bh2 Qc7 12. Re1 Rac8 13. Bf1 Qb8 14. e4 Qa8 15. Qe2 Ne8 16. e5 dxe5 17. dxe5 e6 18. Qc4 Nc7 19. Qh4 Rce8 20. Rad1 Qd8 21. Qg4 Nd5 22. Nc4 Qc7 23. Nd6 Rb8 24. Nxb7 Qxb7 25. Ng5 h6 26. Nf3 b5 27. axb5 axb5 28. Bd3 Rbe8 29. h4 h5 30. Qh3 Ne7 31. Ng5 c4 32. Bc2 Nc5 33. Ne4 Nxe4 34. Bxe4 Qc7 {(=)} 35. Bf4 Nc6 36. Qg3 Ne7 37. Rd6 Qc5 38. Qg5 b4 39. Red1 bxc3 40. bxc3 Nf5 41. Bxf5 gxf5 42. Qxh5 Bxe5 43. R1d5 Qxd5 44. Rxd5 Bxf4 45. Rc5 Rc8 46. Rxc8 Rxc8 47. g4 Be5 48. gxf5 exf5 49. Qxf5 Re8 50. Qg4+ Kf8 51. Qxc4 f6 52. Kg2 Re7 53. Qd3 Rc7 54. c4 Ke7 55. Qe2 Kd6 56. h5 Rg7+ 57. Kf3 Rg5 58. Qd3+ Ke6 59. h6 f5 60. Qd5+ Kf6 61. Qd8+ Kg6 62. Qe8+ 1-0

[Event "4NCL Division Two"]
[Site "Milton Keynes, ENG"]
[Date "2023.04.30"]
[Round "10.67"]
[White "Latham, David"]
[Black "Gazis, Georgios"]
[Result "1-0"]
[WhiteElo "2038"]
[BlackElo "1943"]
[PlyCount "91"]
[EventDate "2023.04.30"]
[WhiteTeam "Spirit of Atticus"]
[BlackTeam "North East England"]

1. Nf3 d5 2. d4 e6 3. c4 h6 4. Nc3 Nf6 5. cxd5 exd5 6. Bf4 Bd6 7. Bg3 Bxg3 8. hxg3 O-O 9. e3 Nc6 10. Rc1 Ne7 11. Ne5 c6 12. Bd3 Bf5 13. g4 Bxd3 14. Qxd3 Nh7 15. f4 f6 16. Ng6 Nxg6 17. Qxg6 Qe8 18. Qxe8 Rfxe8 19. Kf2 Re7 20. b4 Rae8 21. Rhe1 Nf8 22. b5 Ne6 23. bxc6 bxc6 24. Na4 Nd8 25. Nc5 Kf7 26. Rc3 Ne6 27. Nxe6 Rxe6 28. f5 Rd6 29. Rec1 Rb8 30. Rxc6 Rxc6 31. Rxc6 Rb2+ 32. Kf3 Rxa2 33. Rc7+ Kf8 34. Rc5 Ke7 35. Rxd5 a5 36. Rb5 Kd6 37. Rb7 Kd5 38. Rxg7 Kc4 39. Rg6 Rb2 40. Rxf6 Rb7 41. Rxh6 Ra7 42. g5 a4 43. g6 a3 44. Rh1 a2 45. Ra1 Kd5 46. g7 1-0

[Event "4NCL Division Two"]
[Site "Milton Keynes, ENG"]
[Date "2023.04.30"]
[Round "10.68"]
[White "Salazar Eyre, Emma"]
[Black "Darling, Tom"]
[Result "0-1"]
[WhiteElo "1736"]
[BlackElo "1957"]
[PlyCount "135"]
[EventDate "2023.04.30"]
[WhiteTeam "North East England"]
[BlackTeam "Spirit of Atticus"]

1. e4 e5 2. Nf3 d5 3. exd5 Bd6 4. Nc3 Nf6 5. d4 e4 6. Ne5 O-O 7. Bf4 Bb4 8. Bg5 Nbd7 9. a3 Bd6 10. Nxe4 Qe8 11. Nxf6+ gxf6 12. Bh6 Nxe5 13. dxe5 Qxe5+ 14. Be2 Re8 15. Be3 Bf5 16. Bd3 Bxd3 17. Qxd3 Qxb2 18. O-O Qe5 19. g3 Qe4 20. Rfd1 h5 21. Qxe4 Rxe4 22. Rd4 Rae8 23. Rd3 h4 24. Kg2 hxg3 25. hxg3 Kg7 26. Rh1 Rc4 27. Rd4 Re4 28. Rxe4 Rxe4 29. Rb1 b6 30. Rb3 Rc4 31. c3 a5 32. Bf4 a4 33. Rb2 Bxf4 34. gxf4 Rxc3 35. Ra2 Kf8 36. Kf1 Ke7 37. Ke2 Kd6 38. Kd2 Rf3 39. Ke2 Rxf4 40. Rc2 Rf5 41. Rc6+ Kd7 42. Rc4 Rxd5 43. Rxa4 f5 44. Rf4 Ra5 45. a4 Re5+ 46. Kd3 Ke6 47. f3 Rd5+ 48. Ke3 Ra5 49. Rh4 Ke5 50. Rc4 c5 51. Rh4 Ra8 52. Rc4 f6 53. Rh4 Rd8 54. Rh7 f4+ 55. Ke2 Rd4 56. Ra7 Rb4 57. Kd3 Rb3+ 58. Ke2 Kd4 59. Rf7 Rb2+ 60. Kf1 Ke3 61. Rxf6 Kxf3 62. Kg1 Rb4 63. Rc6 Rb1+ 64. Kh2 Kf2 65. Rd6 Rb2 66. Rf6 f3 67. Rf5 Rb4 68. Rf6 0-1

[Event "4NCL Division Two"]
[Site "Milton Keynes, ENG"]
[Date "2023.05.01"]
[Round "11.68"]
[White "Darling, Tom"]
[Black "McCarthy, Kevin C"]
[Result "0-1"]
[WhiteElo "1957"]
[BlackElo "2001"]
[PlyCount "74"]
[EventDate "2023.05.01"]
[WhiteTeam "Spirit of Atticus"]
[BlackTeam "The Sharks 2"]

1. e4 e6 2. d4 d5 3. e5 c5 4. c3 Nc6 5. Nf3 Bd7 6. Bd3 Qb6 7. O-O cxd4 8. cxd4 Nxd4 9. Nbd2 Nxf3+ 10. Nxf3 Bb5 11. Be3 Qa6 12. Bxb5+ Qxb5 13. Nd4 Qd7 14. f4 Bc5 15. Qd3 Ne7 16. Rac1 Bxd4 17. Bxd4 O-O 18. g4 Rac8 19. Bxa7 Rxc1 20. Rxc1 Qa4 21. Bd4 Nc6 22. Rd1 Qxa2 23. f5 Qa4 24. Kf2 Rc8 25. b3 Qb4 26. f6 Nxd4 27. Qxd4 Qxb3 28. g5 Qc2+ 29. Rd2 Qf5+ 30. Ke1 Qxg5 31. Qb2 Qg1+ 32. Ke2 Qxh2+ 33. Ke1 Qg1+ 34. Ke2 Qg4+ 35. Kf2 Qf4+ 36. Ke2 Qc4+ 37. Kf2 b5 0-1

﻿

[Event "4NCL Division Two"]
[Site "Daventry, ENG"]
[Date "2022.10.23"]
[Round "2.11"]
[White "Lentzos, Ioanis"]
[Black "Davies, Nigel R"]
[Result "0-1"]
[WhiteElo "2201"]
[BlackElo "2409"]
[PlyCount "96"]
[EventDate "2022.10.23"]
[WhiteTeam "The Sharks 2"]
[BlackTeam "The ADs"]

1. d4 Nf6 2. c4 e6 3. Nf3 d5 4. Nc3 Nbd7 5. Bf4 dxc4 6. e3 a6 7. a4 Bb4 8. Bxc4 Nb6 9. Qb3 Nfd5 10. O-O Bxc3 11. bxc3 Nxc4 12. Qxc4 Nxf4 13. exf4 Qd6 14. Ne5 O-O 15. a5 b5 16. axb6 cxb6 17. Rfb1 Bb7 18. Qb4 Qd5 19. f3 b5 20. Nd3 Qf5 21. Nc5 Bc6 22. Nxa6 Qxf4 23. Qb2 Rac8 24. Qc1 Qf5 25. Qe3 Rfd8 26. Nc5 Be8 27. Re1 h6 28. Ra7 Qd5 29. Qe5 Qxe5 30. Rxe5 b4 31. cxb4 Rxd4 32. Re4 Rd2 33. Re3 Rcd8 34. Rb7 Bc6 35. Rb6 Bd5 36. h4 g6 37. Ra3 Rc2 38. Kh2 Bc4 39. Ra7 Rdd2 40. Rb8+ Kg7 41. Raa8 Rxg2+ 42. Kh3 e5 43. Rg8+ Kf6 44. Ne4+ Kf5 45. Ng3+ Kf4 46. Nh5+ gxh5 47. Rxg2 Bf1 48. Rag8 Rxg2 0-1

[Event "4NCL Division Two"]
[Site "Daventry, ENG"]
[Date "2022.10.23"]
[Round "2.12"]
[White "Richardson, John R"]
[Black "Murphy, Hugh W"]
[Result "1-0"]
[WhiteElo "2251"]
[BlackElo "2194"]
[PlyCount "83"]
[EventDate "2022.10.23"]
[WhiteTeam "The ADs"]
[BlackTeam "The Sharks 2"]

1. d4 Nf6 2. c4 e6 3. Nc3 Bb4 4. e3 b6 5. Nge2 Ne4 6. Qc2 Bb7 7. a3 Bxc3+ 8. Nxc3 Nxc3 9. Qxc3 Qh4 10. b4 O-O 11. Bb2 d6 12. d5 Qh6 13. Be2 Nd7 14. O-O Rae8 15. Qc2 Re7 16. e4 f5 17. exf5 Rxf5 18. Bg4 Rg5 19. Bc1 Nf6 20. Bxg5 Qxg5 21. Bf3 exd5 22. cxd5 Bxd5 23. Bxd5+ Nxd5 24. Rfe1 Nf4 25. f3 d5 26. g3 Ne6 27. f4 Qf6 28. Qg2 Rd7 29. Re5 c6 30. Rd1 Nc7 31. Qc2 h6 32. Rc1 Rd6 33. Rce1 Ne6 34. Qe2 Nc7 35. Qg4 Rd8 36. Re7 Nb5 37. R1e6 Qd4+ 38. Kg2 Nd6 39. Re5 Nf7 40. Re8+ Rxe8 41. Rxe8+ Kh7 42. Qf5+ 1-0

[Event "4NCL Division Two"]
[Site "Daventry, ENG"]
[Date "2022.10.23"]
[Round "2.13"]
[White "Price, Gwilym"]
[Black "Snape, Ian L"]
[Result "1-0"]
[WhiteElo "2265"]
[BlackElo "2164"]
[PlyCount "77"]
[EventDate "2022.10.23"]
[WhiteTeam "The Sharks 2"]
[BlackTeam "The ADs"]

1. e4 c5 2. Nf3 d6 3. d4 cxd4 4. Nxd4 Nf6 5. Nc3 g6 6. Be3 Bg7 7. f3 O-O 8. Qd2 Nc6 9. O-O-O d5 10. Qe1 e5 11. Nxc6 bxc6 12. exd5 Nxd5 13. Bc4 Be6 14. Kb1 Re8 15. Ne4 f5 16. Ng5 Bc8 17. h4 h6 18. Ne4 Be6 19. Nc5 Bf7 20. g4 fxg4 21. fxg4 Qe7 22. Ne4 Nxe3 23. Bxf7+ Qxf7 24. Qxe3 Qf4 25. Qe2 Qf8 26. Qc4+ Kh7 27. Rdf1 Qe7 28. Ng5+ Kh8 29. Rf7 Qd6 30. Rxg7 Qd5 31. Qxd5 cxd5 32. Rxg6 e4 33. Rxh6+ Kg7 34. Re6 Rxe6 35. Nxe6+ Kf6 36. Nc7 Rg8 37. Nxd5+ Ke5 38. Ne3 Kf4 39. Rh3 1-0

[Event "4NCL Division Two"]
[Site "Daventry, ENG"]
[Date "2022.10.23"]
[Round "2.14"]
[White "Duggan, John E"]
[Black "Williams, Samuel G"]
[Result "1/2-1/2"]
[WhiteElo "2170"]
[BlackElo "2234"]
[PlyCount "141"]
[EventDate "2022.10.23"]
[WhiteTeam "The ADs"]
[BlackTeam "The Sharks 2"]

1. d4 d5 2. c4 dxc4 3. e4 b5 4. a4 c6 5. Nc3 a6 6. axb5 cxb5 7. Nxb5 axb5 8. Rxa8 Bb7 9. Rxb8 Qxb8 10. f3 e6 11. b3 Bb4+ 12. Kf2 Ba6 13. bxc4 bxc4 14. Qc2 Qb5 15. Ne2 Qa5 16. g3 Ne7 17. Bg2 c3 18. Be3 O-O 19. Rc1 Rc8 20. Bf1 Bb5 21. Nf4 Ba4 22. Qa2 c2 23. Bc4 Ra8 24. Bb3 Bd2 25. Bxd2 Qxd2+ 26. Ne2 Bc6 27. Qxc2 Qxc2 28. Rxc2 Kf8 29. Bc4 Ke8 30. Ra2 Rxa2 31. Bxa2 Kd7 32. Ke3 Bb5 33. Nc3 Ba6 34. Bb3 Nc8 35. Na4 Ke7 36. Nc5 Bb5 37. Ba4 Bc4 38. Bc2 Bb5 39. Bb3 Kd6 40. e5+ Ke7 41. d5 exd5 42. Bxd5 Nb6 43. Bb3 Bc6 44. f4 Nd7 45. Nxd7 Bxd7 46. Ke4 g6 47. Bd5 Bc8 48. Kf3 h5 49. Be4 Bg4+ 50. Kg2 Ke6 51. Bb7 Ke7 52. Bf3 Bf5 53. h3 Bc2 54. g4 hxg4 55. hxg4 Ke6 56. Bb7 Ke7 57. Bd5 Bd1 58. Kg3 Bc2 59. Kh4 Kf8 60. Kg5 Kg7 61. Bc6 Bd3 62. Bd7 Bc2 63. Kh4 Kf8 64. Bc8 Bd3 65. f5 gxf5 66. gxf5 Kg7 67. Kg4 Bc2 68. Kf4 Kf8 69. Kg5 Kg7 70. e6 fxe6 71. fxe6 1/2-1/2

[Event "4NCL Division Two"]
[Site "Daventry, ENG"]
[Date "2022.10.23"]
[Round "2.15"]
[White "Varnam, Liam D"]
[Black "Smith, Chris P"]
[Result "1-0"]
[WhiteElo "2191"]
[BlackElo "1489"]
[PlyCount "49"]
[EventDate "2022.10.23"]
[WhiteTeam "The Sharks 2"]
[BlackTeam "The ADs"]

1. e4 d6 2. d4 Nf6 3. Nc3 g6 4. Be3 Bg7 5. Qd2 Nc6 6. f3 Bd7 7. O-O-O e6 8. g4
h6 9. Nge2 Qe7 10. g5 hxg5 11. Bxg5 O-O-O 12. Kb1 Qf8 13. d5 Ne5 14. Nd4 Re8
15. Ncb5 a6 16. Nc3 exd5 17. Bxf6 Bxf6 18. Nxd5 Bg7 19. Qa5 Kb8 20. Qxc7+ Ka8
21. Bxa6 Rb8 22. Nb6+ Ka7 23. Nxd7 Nxd7 24. Nc6+ Kxa6 25. Qa5# 1-0

[Event "4NCL Division Two"]
[Site "Daventry, ENG"]
[Date "2022.10.23"]
[Round "2.16"]
[White "Gamal, Alaa"]
[Black "Birtwistle, Nigel"]
[Result "1/2-1/2"]
[WhiteElo "1886"]
[BlackElo "2243"]
[PlyCount "148"]
[EventDate "2022.10.23"]
[WhiteTeam "The ADs"]
[BlackTeam "The Sharks 2"]

1. d4 Nf6 2. c4 c5 3. d5 b5 4. cxb5 a6 5. bxa6 Bxa6 6. Nc3 d6 7. e4 Bxf1 8. Kxf1 g6 9. Nf3 Bg7 10. g3 O-O 11. Bd2 Qb6 12. Qc2 Nbd7 13. Kg2 Rfb8 14. Rhb1 Qa6 15. Be1 Ng4 16. Nd1 Nde5 17. Nxe5 Nxe5 18. Bc3 Qd3 19. Qxd3 Nxd3 20. Bxg7 Kxg7 21. Kf1 Nb4 22. a4 Nc2 23. Ra2 Rb3 24. Rc1 Nb4 25. Raa1 f5 26. Rc3 Rxc3 27. bxc3 Na6 28. exf5 gxf5 29. Ne3 Kf6 30. Rb1 Ra7 31. Nc4 Nc7 32. Nb6 Na8 33. Nc8 Rxa4 34. Rb7 Ra6 35. Rxe7 Nb6 36. Re6+ Kg7 37. Nxb6 Rxb6 38. Ke2 Rb3 39. Rxd6 Rxc3 40. Re6 c4 41. Re7+ Kg6 42. Rc7 Rd3 43. Rxc4 Rxd5 44. h4 Rd6 45. Kf3 h6 46. Kf4 Re6 47. h5+ Kxh5 48. Kxf5 Rf6+ 49. Ke5 Rxf2 50. g4+ Kg5 51. Rc8 Re2+ 52. Kd4 Kxg4 53. Rg8+ Kh4 54. Rg1 h5 55. Kd3 Re7 56. Kd2 Re5 57. Kd1 Kh3 58. Kd2 h4 59. Kd1 Kh2 60. Rg4 h3 61. Kd2 Kh1 62. Kd1 h2 63. Kd2 Re6 64. Rg7 Ra6 65. Ke2 Ra2+ 66. Kf1 Ra1+ 67. Kf2 Rg1 68. Rh7 Rg5 69. Rf7 Ra5 70. Rf8 Ra2+ 71. Kf1 Rb2 72. Rf7 Rb1+ 73. Kf2 Rg1 74. Rf6 Rf1+ 1/2-1/2